مكتبة جامعة عجلون الوطنية

فهرس بحث المكتبة

Normal view MARC view
  • السامرائي، فراس سليم الحسني، م. مشارك قيس حاتم هاني الجنابي

Entry Personal Name

Number of records used in: 1

001 - CONTROL NUMBER

  • control field: 60758

003 - CONTROL NUMBER IDENTIFIER

  • control field: JO-AjAnu

005 - DATE AND TIME OF LATEST TRANSACTION

  • control field: 20230606083929.0

008 - FIXED-LENGTH DATA ELEMENTS

  • fixed length control field: 230606|| aca||aabn | a|a d

040 ## - CATALOGING SOURCE

  • Original cataloging agency: JO-AjAnu
  • Transcribing agency: JO-AjAnu

100 ## - HEADING--PERSONAL NAME

  • Personal name: السامرائي، فراس سليم الحسني، م. مشارك قيس حاتم هاني الجنابي

670 ## - SOURCE DATA FOUND

  • Source citation: Work cat.: (JO-AjAnu)30987: السامرائي، فراس سليم الحسني، م. مشارك قيس حاتم هاني الجنابي , author, تاريخ العرب القديم وعهد الرسول صلى الله عليه وسلم